No Plan - Hozier (All Lyrics) - Statistics

General Stats
  • This quiz has been taken 6 times
  • The average score is 348 of 400
Answer Stats
Lyrics % Correct
a
100%
and,
100%
and
100%
And
100%
be
100%
For
100%
for
100%
get
100%
I
100%
I'll
100%
in
100%
is
100%
no
100%
of
100%
on
100%
plan,
100%
the
100%
The
100%
there
100%
There's
100%
there's
100%
to
100%
Why
100%
with
100%
world?
100%
you
100%
your
100%
Your
100%
again
83%
As
83%
at
83%
baby
83%
beat,
83%
bird?
83%
bird,
83%
Blue
83%
body
83%
by
83%
cage
83%
complete,
83%
could
83%
darkness
83%
done
83%
enjoy,
83%
explained,
83%
fade
83%
feel
83%
fire,
83%
from
83%
fuckery
83%
gettin'
83%
got
83%
grave
83%
hand
83%
harder
83%
heart
83%
honey,
83%
Honey,
83%
how
83%
How
83%
if
83%
I'm
83%
it
83%
it's
83%
Keep
83%
know
83%
know,
83%
late
83%
like
83%
love
83%
Mack
83%
man
83%
me
83%
My
83%
my
83%
nothing
83%
now
83%
Or
83%
own
83%
pain?
83%
pain,
83%
race
83%
rain,
83%
run
83%
safe
83%
screaming,
83%
secret
83%
secrets
83%
seeds
83%
Sit
83%
so
83%
starts
83%
still
83%
sun
83%
sunlight
83%
sweet
83%
sweeter
83%
that
83%
thrilled
83%
under
83%
understand
83%
waste
83%
watch
83%
were
83%
What
83%
When
83%
will
83%
would
83%
apart
67%
But
67%
but
67%
'cause
67%
come
67%
deep
67%
flowers
67%
gained?
67%
gardener
67%
have
67%
here
67%
hire
67%
hourglass,
67%
kingdom
67%
lying
67%
made
67%
make
67%
marble,
67%
marvel
67%
name
67%
nothing's
67%
offer
67%
old
67%
out
67%
reign
67%
same
67%
sand
67%
sings
67%
song
67%
stand
67%
That's
67%
tired
67%
words
67%
all
50%
awful
50%
big
50%
heard
50%
heaving
50%
hope
50%
Let
50%
let
50%
say
50%
shouldn't
50%
things
50%
you'll
50%
hurl,
17%
No matching quizzes found
Score Distribution
Percent of People with Each Score
Percentile by Number Answered
Your Score History
You have not taken this quiz